Länder mit der größten Bevölkerung auf dem Land - Statistiken

Allgemein
  • Dieses Quiz wurde 54 mal gespielt
  • Das Durchschnittsergebnis liegt bei 18 aus 24
Antwortstatistiken
Bevölkerung, die auf dem Land lebt Prozentual Antwort % Korrekt
570.000.000 38% China
100%
970.000.000 68% Indien
100%
35.750.000 25% Russland
98%
28.000.000 13% Brasilien
95%
116.000.000 43% Indonesien
95%
103.000.000 47% Nigeria
93%
58.000.000 17% Vereinigte Staaten
93%
24.320.000 19% Mexiko
90%
148.000.000 63% Pakistan
88%
65.000.000 53% D.R Kongo
86%
105.000.000 61% Bangladesch
76%
62.300.000 57% Ägypten
74%
100.000.000 87% Äthiopien
71%
32.000.000 46% Thailand
71%
37.000.000 63% Tansania
69%
32.000.000 70,5% Kenia
67%
62.000.000 60,5% Vietnam
67%
58.000.000 52% Philippinen
64%
23.000.000 24% Türkei
64%
29.000.000 63% Sudan
60%
37.800.000 68% Myanmar
48%
28.000.000 73% Afghanistan
43%
35.300.000 73% Uganda
40%
24.000.000 77% Nepal
19%
Keine übereinstimmenden Quizze gefunden
Verteilung der Resultate
Anzahl Personen mit jedem Resultat
Perzentil nach korrekt beantworteten Fragen
Ihre Resultats-Entwicklung
Sie haben dieses Quiz noch nicht gespielt